Compendio básico de la estupidez (Record no. 7726)

MARC details
000 -LEADER
campo de control de longitud fija 01538cac a2200253 a 4500
003 - IDENTIFICADOR DE NÚMERO DE CONTROL
campo de control CO-PeBPM
005 - FECHA Y HORA DE LA ÚLTIMA TRANSACCIÓN
campo de control 20251202112404.0
008 - DATOS DE LONGITUD FIJA--INFORMACIÓN GENERAL
campo de control de longitud fija 231129s2004||||ck ||||||||||||| ||spa||
020 ## - NÚMERO INTERNACIONAL ESTÁNDAR DEL LIBRO
Número Internacional Estándar del Libro 9589249965
040 ## - FUENTE DE CATALOGACIÓN
Centro catalogador/agencia de origen CO-PeBPM
Lengua de catalogación spa
Centro/agencia transcriptor CO-PeBPM
Normas de descripción rda
041 ## - CÓDIGO DE IDIOMA
Código de lengua del texto/banda sonora o título independiente spa
082 ## - NÚMERO DE LA CLASIFICACIÓN DECIMAL DEWEY
Número de clasificación 157.8 A473c
Número de edición 22
100 1# - ENTRADA PRINCIPAL--NOMBRE DE PERSONA
Nombre de persona Álvarez Villegas, Hernán
Término indicativo de función/relación autor
245 10 - MENCIÓN DEL TÍTULO
Título Compendio básico de la estupidez
Mención de responsabilidad, etc. / Hernán Álvarez Villegas
260 ## - PUBLICACIÓN, DISTRIBUCIÓN, ETC.
Lugar de publicación, distribución, etc. Pereira, Colombia
Nombre del editor, distribuidor, etc. : Papiro
Fecha de publicación, distribución, etc. , 2004
300 ## - DESCRIPCIÓN FÍSICA
Extensión 122 páginas
Dimensiones 22 centimetros
500 ## - NOTA GENERAL
Nota general Incluye índice
520 ## - RESUMEN, ETC.
Sumario, etc. En este ensayo el autor hace un detallado análisis de la estupidez, sus causas y sus variadas formas. Estudia definiciones y trae un pormenorizado método para lograr acrecentarla o por lo menos dejarla impresa en las mentes de los jóvenes. Pone ante nuestros ojos la triste realidad de que la estupidez forma parte de la condición humana; que es tan exclusiva de nuestra especie como la risa, el llanto, el amor o el odio y que nadie está exento de sus manifestaciones. Comprueba que la estupidez es una plaga que ha acabado con vastos imperios, y a la vez asegura, que es una maravilla explotable, siempre y cuando el número de estúpidos sea suficientemente alto.
650 14 - PUNTO DE ACCESO ADICIONAL DE MATERIA--TÉRMINO DE MATERIA
Término de materia o nombre geográfico como elemento de entrada Estupidez - Anécdotas, chistes, sátiras, etc.
Fuente del encabezamiento o término LEMB
650 14 - PUNTO DE ACCESO ADICIONAL DE MATERIA--TÉRMINO DE MATERIA
Término de materia o nombre geográfico como elemento de entrada Estupidez - Ensayos, conferencias, etc.
Fuente del encabezamiento o término LEMB
650 14 - PUNTO DE ACCESO ADICIONAL DE MATERIA--TÉRMINO DE MATERIA
Término de materia o nombre geográfico como elemento de entrada Insuficiencia mental - Ensayos, conferencias, etc.
Fuente del encabezamiento o término LEMB
650 14 - PUNTO DE ACCESO ADICIONAL DE MATERIA--TÉRMINO DE MATERIA
Término de materia o nombre geográfico como elemento de entrada Relaciones humanas
Fuente del encabezamiento o término LEMB
942 ## - ELEMENTOS DE ENTRADA SECUNDARIOS (KOHA)
Fuente del sistema de clasificación o colocación Clasificación Decimal Dewey
Tipo de ítem Koha Libros
Holdings
Estatus retirado Estado de pérdida Fuente del sistema de clasificación o colocación Estado de daño No para préstamo Colección Biblioteca de origen Biblioteca actual Ubicación en estantería Fecha de adquisición Fuente de adquisición Total de préstamos Código de barras Visto por última vez Copia número Precio de reemplazo Tipo de ítem Koha Signatura topográfica completa
    Clasificación Decimal Dewey     General BIBLIOTECA PÚBLICA MUNICIPAL RAMON CORREA MEJIA BIBLIOTECA PÚBLICA MUNICIPAL RAMON CORREA MEJIA Colección general 31/01/2014 Donación   13478 29/11/2023 Ej. 1 29/11/2023 Libros  
    Clasificación Decimal Dewey       BIBLIOTECA PÚBLICA MUNICIPAL RAMON CORREA MEJIA BIBLIOTECA PÚBLICA MUNICIPAL RAMON CORREA MEJIA   31/07/2018     ER-024 29/11/2023 1 29/11/2023 Libros ER- 024

Powered by Koha